Discrete-time signal processing / (Record no. 218125)

000 -LEADER
fixed length control field 01243 a2200241 4500
003 - CONTROL NUMBER IDENTIFIER
control field Nust
005 - DATE AND TIME OF LATEST TRANSACTION
control field 20230215084841.0
010 ## - LIBRARY OF CONGRESS CONTROL NUMBER
LC control number 2011292650
020 ## - INTERNATIONAL STANDARD BOOK NUMBER
International Standard Book Number 0131988425
020 ## - INTERNATIONAL STANDARD BOOK NUMBER
International Standard Book Number 9780131988422
040 ## - CATALOGING SOURCE
Transcribing agency Nust
082 ## - DEWEY DECIMAL CLASSIFICATION NUMBER
Classification number 621.3822,OPP
100 1# - MAIN ENTRY--PERSONAL NAME
Personal name Oppenheim, Alan V.,
9 (RLIN) 69572
245 10 - TITLE STATEMENT
Title Discrete-time signal processing /
Statement of responsibility, etc. Alan V. Oppenheim, Ronald W. Schafer.
250 ## - EDITION STATEMENT
Edition statement 3rd ed.
260 ## - PUBLICATION, DISTRIBUTION, ETC.
Place of publication, distribution, etc. Upper Saddle River :
Name of publisher, distributor, etc. Pearson,
Date of publication, distribution, etc. c2010.
300 ## - PHYSICAL DESCRIPTION
Extent xxviii, 1108 p. :
Other physical details ill. ;
Dimensions 25 cm.
505 ## - FORMATTED CONTENTS NOTE
Formatted contents note Introduction (Page-1), Discrete-time signals and systems (Page-11), The z-Transform (Page-105), Sampling of continuous-time signals (Page-163), Transform analysis of linear time-invariant systems (Page-287), Structures for discrete-time systems (Page-391), Filter design techniques (Page-517), The discrete fourier transform (Page-651), Computation of the discrete fourier transform (Page-747), Fourier analysis of signals using the discrete fourier transform (Page-827), Parametric signal modeling (Page-931), Discrete hilbert transforms (Page-985).
650 #0 - SUBJECT ADDED ENTRY--TOPICAL TERM
Topical term or geographic name entry element Discrete-time systems.
9 (RLIN) 98002
650 #0 - SUBJECT ADDED ENTRY--TOPICAL TERM
Topical term or geographic name entry element Signal processing
General subdivision Mathematics.
9 (RLIN) 94002
700 1# - ADDED ENTRY--PERSONAL NAME
Personal name Schafer, Ronald W.,
Dates associated with a name 1938-
9 (RLIN) 83396
942 ## - ADDED ENTRY ELEMENTS (KOHA)
Source of classification or shelving scheme
Koha item type Book
Holdings
Withdrawn status Lost status Source of classification or shelving scheme Damaged status Not for loan Permanent Location Current Location Shelving location Date acquired Total Checkouts Full call number Barcode Date last seen Date last checked out Price effective from Koha item type Public note
          Military College of Signals (MCS) Military College of Signals (MCS) General Stacks 12/12/2016 5 621.3822,OPP MCS37379 01/14/2026 08/12/2025 12/12/2016 Book Almirah No.36, Shelf No.6
          Military College of Signals (MCS) Military College of Signals (MCS) General Stacks 12/12/2016 4 621.3822,OPP MCS37380 01/14/2026 08/08/2025 12/12/2016 Book Almirah No.36, Shelf No.6
          Military College of Signals (MCS) Military College of Signals (MCS) General Stacks 12/12/2016   621.3822,OPP MCS37432 12/08/2016   12/12/2016 Book Almirah No.72, Shelf No.1
          Military College of Signals (MCS) Military College of Signals (MCS) General Stacks 12/12/2016 4 621.3822,OPP MCS37433 01/09/2025 12/17/2024 12/12/2016 Book Almirah No.36, Shelf No.6
© 2023 Central Library, National University of Sciences and Technology. All Rights Reserved.